00210nam a2200073Ia 4500008004100000100002500041245006100066260000900127120527s9999 xx 000 0 und d aABDULLAHI, A. et al. aCapacity building for sustainable industrial development bRMRD